000 01394cab a2200289 4500
001 ABS67880
008 040517n2004 000 0 eng u
035 _a(Sirsi) u126215
100 _aAndrew, A.
245 _aProperty appraisal in government
260 _c2004
490 _aJournal of Property Investment and Finance
_v22(2) 2004, 192-199(4)
520 _aIn 2003 HM Treasury published a revised "Green Book", otherwise known as "The green book appraisal and evaluation in central government " (ISBN 0115601074), which is designed to help decision makers appraise and evaluate capital expenditure decisions more effectively. RICS also brought out its revised edition of the "Red Book", now called "RICSappraisal and valuation standards" (ISBN 1842191233), in March 2003. This paper looks at the development and recent changes to these documents particularly from the viewpoint of a public sector property practitioner involved in day to day appraisal. [Taken from journal abstract].
590 _aABS
590 _aABS
650 _aCAPITAL BUDGETING
650 _aOPTIONS MARKETS
650 _aASSET VALUATION
650 _aFACILITIES
650 _aGOVERNMENT
650 _aGREEN BOOK
650 _aRICS appraisal and valuation standards
650 _aPROPERTY APPRAISAL
690 _aPROPERTY-PROPERTY APPRAISAL AND VALUATION
700 _aPitt, M.
942 _n0
999 _c74401
_d74401